000 00312nam a2200145Ia 4500
100 _aRao/P.V.S
942 _cBK
654 _aProgramming
245 _aComputer Programming Fortran
260 _bTata McGraw Hill
_aNEW DELHI
_c1984
082 _a1.6
_bRao
300 _a304
546 _aENGLISH
999 _c34480
_d34480